Determinación del efecto de los métodos de preparación de catalizadores sobre la conversión de glicerol a ácido láctico en fase gas, así como su cinética y causas de desactivación
Guardat en:
| Autor principal: | |
|---|---|
| Altres autors: | |
| Format: | Llibre |
| Idioma: | Spanish |
| Publicat: |
[San José, Costa Rica]
2022
|
| Matèries: | |
| Etiquetes: |
Afegir etiqueta
Sense etiquetes, Sigues el primer a etiquetar aquest registre!
|
MARC
| LEADER | 00000nam a2200000Ia 4500 | ||
|---|---|---|---|
| 003 | 013620 | ||
| 005 | 20230417154119.0 | ||
| 008 | 140114s2022 cr 000 ||spa d | ||
| 040 | |c cru CEDI | ||
| 100 | |a Fuentes Arguedas, Carolina, 1997- |9 23 | ||
| 245 | |a Determinación del efecto de los métodos de preparación de catalizadores sobre la conversión de glicerol a ácido láctico en fase gas, así como su cinética y causas de desactivación | ||
| 260 | |a [San José, Costa Rica] |c 2022 | ||
| 500 | |a Proyecto de graduación (licenciatura en ingeniería química)--Universidad de Costa Rica. Facultad de Ingeniería. Escuela de Ingeniería Química | ||
| 501 | |a Directora de Proyecto de Graduación: Dr. Ing. Bárbara Miranda Morales | ||
| 650 | |x CATALIZADORES-EVALUACION |x GLICERINA - PRODUCTOS DERIVADOS |x ACIDO LACTICO - PRODUCCION |x REACCIONES QUIMICAS |x TERMODINAMICA |x GLICERINA - PRODUCCION | ||
| 700 | |a Miranda Morales, Bárbara Cristina, 1983- |d Directora del TFG |9 24 | ||
| 942 | |c CEDI |h TFG 8771 |6 TFG_8771_000000000000000 | ||
| 999 | |c 15425 |d 15425 | ||
